Las Ciudades mexicanas y el buen gobierno local: una metodología para su evaluación /
En este artículo se ofrece una metodología de evaluación para ser aplicada en el ámbito de los gobiernos locales. Para ello se seleccionan cinco indicadores: eficacia, eficiencia, responsabilidad, atención de las demandas y promoción de la participación cuidadana asimismo se construye un índice que...
Gespeichert in:
| 1. Verfasser: | |
|---|---|
| Weitere Verfasser: | |
| Format: | Text |
| Schlagworte: | |
| Tags: |
Tag hinzufügen
Keine Tags, Fügen Sie den ersten Tag hinzu!
|
MARC
| LEADER | 00000 a a2200000 04500 | ||
|---|---|---|---|
| 001 | 16542 | ||
| 003 | |||
| 040 | |||
| 100 | |a Saltalamacchia, Homero R. | ||
| 245 | |a Las Ciudades mexicanas y el buen gobierno local: |b una metodología para su evaluación / |c Homero R. Saltalamacchia | ||
| 520 | |a En este artículo se ofrece una metodología de evaluación para ser aplicada en el ámbito de los gobiernos locales. Para ello se seleccionan cinco indicadores: eficacia, eficiencia, responsabilidad, atención de las demandas y promoción de la participación cuidadana |a asimismo se construye un índice que permite determinar en qué medida hay disposición en las autoridades locales para ejercer un buen gobierno. Además, se presenta inicialmente un marco conceptual que permite operar de manera congruente en este tipo de actividad evaluativa | ||
| 650 | |a GOBIERNO LOCAL | ||
| 650 | |a EVALUACION | ||
| 650 | |a EFICIENCIA | ||
| 650 | |a TECNICAS DE EVALUACION | ||
| 650 | |a METODOLOGIA | ||
| 650 | |a ESTRUCTURA ORGANIZACIONAL | ||
| 700 | |a Ziccardi, Alicia | ||
| 773 | |g volumen 67, número 1; páginas 31-97 | ||
| 999 | |c 29225 |d 29225 | ||
